00458nam a22001337a 4500003000400000008004100004082002000045100001700065245015500082260003200237300000900269502001500278650003100293OSt260427b |||||||| |||| 00| 0 eng d a635.93345bS94S aKumar, Sunil aStudies on The Effect of Differential Level of Nitrogen and Phosphosrus on Growth Yield and Quality in Bottle Gourd (Lagenaria siceraria Mol) Standl.) aPusa, SamastipurbRAUc1990 a68P. bMsc.d1990 aVegetable and Floriculture